| Tag |
First Indicator |
Second Indicator |
Subfields |
| LEADER |
00000cam a2200000 4500 |
| 001 |
in00000720434 |
| 005 |
20191019063308.0 |
| 008 |
751024r19501930nyuacbh 00000beng u |
| 010 |
|
|
|a 52001214
|
| 035 |
|
|
|a (OCoLC)01732163
|
| 035 |
|
|
|9 ADD4506AM
|
| 040 |
|
|
|c CSU
|d TXA
|d UtOrBLW
|
| 049 |
|
|
|a TXAM
|c [347504]
|
| 050 |
|
0 |
|a E457
|b .B315 1950
|
| 092 |
|
|
|a 973.7349
|b B293
|
| 100 |
1 |
|
|a Barton, William E.
|q (William Eleazar),
|d 1861-1930.
|
| 245 |
1 |
0 |
|a Lincoln at Gettysburg ;
|b what he intended to say; what he said; what he was reported to have said; what he wished he had said.
|
| 264 |
|
1 |
|a New York :
|b P. Smith,
|c 1950
|
| 264 |
|
4 |
|c [©1930]
|
| 300 |
|
|
|a 263 pages :
|b illustrations, portrait, map, facsimiles ;
|c 21 cm.
|
| 336 |
|
|
|a text
|b txt
|2 rdacontent
|
| 337 |
|
|
|a unmediated
|b n
|2 rdamedia
|
| 338 |
|
|
|a volume
|b nc
|2 rdacarrier
|
| 500 |
|
|
|a "The oration of Honorable Edward Everett": pages 211-254.
|
| 600 |
1 |
0 |
|a Lincoln, Abraham,
|d 1809-1865.
|t Gettysburg address.
|
| 650 |
|
0 |
|a Gettysburg, Battle of, Gettysburg, Pa., 1863.
|
| 651 |
|
0 |
|a Soldiers' National Cemetery (Gettysburg, Pa.)
|
| 700 |
1 |
|
|a Everett, Edward,
|d 1794-1865.
|t Oration delivered on the battlefield of Gettysburg.
|
| 999 |
|
|
|a MARS
|
| 999 |
f |
f |
|s 1492176a-6bbb-364a-a4c8-a0b030b2bb1f
|i 25e0a155-e68f-3305-be00-93a914933c07
|t 0
|
| 952 |
f |
f |
|p ric
|a Texas A&M University
|b Rellis Campus
|c Joint Library Facility
|d Remote Storage
|t 0
|e E457 B315 1950
|h Library of Congress classification
|i unmediated -- volume
|m A14801527646
|
| 998 |
f |
f |
|a E457 B315 1950
|t 0
|l Remote Storage
|